Reformas económicas en Europa del Este
Gardado en:
| Autor Principal: | |
|---|---|
| Autor Corporativo: | |
| Formato: | Libro |
| Idioma: | Lingua castelá |
| Publicado: |
Santiago
Mar del Plata
1990
|
| Series: | Corporación Libertas
|
| Subjects: | |
| Tags: |
Engadir etiqueta
Sen Etiquetas, Sexa o primeiro en etiquetar este rexistro!
|
MARC
| LEADER | 00000nam a2200000 a 4500 | ||
|---|---|---|---|
| 001 | UCV2206 | ||
| 003 | CL-VaPUC | ||
| 008 | 920124e19900000CL |||||||||||||||||spa|d | ||
| 082 | 0 | 4 | |a 330.159 |b COM |2 21 |
| 100 | 0 | |a Commander, Simón |e author |9 296482 | |
| 110 | 2 | |a Fundación Friedrich Neumann |e author |9 296483 | |
| 245 | 1 | 0 | |a Reformas económicas en Europa del Este |
| 300 | |a 183 p | ||
| 942 | |c BK | ||
| 945 | |d 19920124 00:00:00 | ||
| 260 | |a Santiago |b Mar del Plata |c 1990 | ||
| 650 | 7 | |a REFORMA ECONOMICA |2 CL-VaPUC |9 257533 | |
| 651 | 7 | |a EUROPA ORIENTAL |2 CL-VaPUC |9 257534 | |
| 583 | |a last modification |c 19920124 00:00:00 |k Rodrigo Vera | ||
| 490 | 0 | |a Corporación Libertas | |
| 999 | |c 209868 |d 209866 | ||
| 952 | |0 0 |1 0 |4 0 |6 330_159000000000000_COM_1990 |7 0 |8 A |9 185698 |a BIBDER |b BIBDER |d 2019-11-14 |i 2531429 |o 330.159 COM 1990 |p 2531429 |r 2023-01-25 |w 2019-11-14 |y BK |k DER | ||